Insurance: are we heading for a hard market? (Record no. 68274)
[ view plain ]
| 000 -LEADER | |
|---|---|
| fixed length control field | 01249cam a2200241 4500 |
| 001 - CONTROL NUMBER | |
| control field | ABS64554 |
| 008 - FIXED-LENGTH DATA ELEMENTS--GENERAL INFORMATION | |
| fixed length control field | 010917n2001 000 0 eng u |
| 035 ## - SYSTEM CONTROL NUMBER | |
| System control number | (Sirsi) u114593 |
| 100 ## - MAIN ENTRY--PERSONAL NAME | |
| Personal name | Flaxman, R. |
| 245 ## - TITLE STATEMENT | |
| Title | Insurance: are we heading for a hard market? |
| 260 ## - PUBLICATION, DISTRIBUTION, ETC. | |
| Date of publication, distribution, etc. | 2001 |
| 490 ## - SERIES STATEMENT | |
| Series statement | CSM (Chartered Surveyor Monthly) |
| Volume/sequential designation | September 2001, 36-37(2) |
| 520 ## - SUMMARY, ETC. | |
| Summary, etc. | Pt 1 of a two-part feature looking at the insurance market. Considers whether this is likely to harden in the near future. Notes this is likely to occur if there is an epidemic of claims, which would create a financial crisis for insurers, or if the cost of reinsurance protection rises. Suggests insurers are quietly nervous there will soon be another epidemic of claims. Offers advice to companies on limiting these potential increases in premiums. Suggests good company practices can help stave off increases. For instance, those with a clean claims record can often negotiate a lower premium. |
| 590 ## - LOCAL NOTE (RLIN) | |
| Local note | ABS |
| 650 ## - SUBJECT ADDED ENTRY--TOPICAL TERM | |
| Topical term or geographic name entry element | INSURANCE MARKET |
| 650 ## - SUBJECT ADDED ENTRY--TOPICAL TERM | |
| Topical term or geographic name entry element | GOOD PRACTICE |
| 650 ## - SUBJECT ADDED ENTRY--TOPICAL TERM | |
| Topical term or geographic name entry element | CLAIMS RECORD |
| 650 ## - SUBJECT ADDED ENTRY--TOPICAL TERM | |
| Topical term or geographic name entry element | COMPULSORY PROFESSIONAL INDEMNITY INSURANCE |
| 650 ## - SUBJECT ADDED ENTRY--TOPICAL TERM | |
| Topical term or geographic name entry element | INSURANCE PREMIUMS |
| 650 ## - SUBJECT ADDED ENTRY--TOPICAL TERM | |
| Topical term or geographic name entry element | INCREASES |
| 690 ## - LOCAL SUBJECT ADDED ENTRY--TOPICAL TERM (OCLC, RLIN) | |
| Topical term or geographic name as entry element | Insurance |
| 9 (RLIN) | 6249 |
| 942 ## - ADDED ENTRY ELEMENTS (KOHA) | |
| Suppress in OPAC | 0 |
| Withdrawn status | Lost status | Source of classification or shelving scheme | Damaged status | Not for loan | Home library | Current library | Shelving location | Date acquired | Total Checkouts | Full call number | Barcode | Date last seen | Copy number | Price effective from | Koha item type |
|---|---|---|---|---|---|---|---|---|---|---|---|---|---|---|---|
| Dewey Decimal Classification | London | London | Journal article | 17/09/2001 | ABS64554 | 114593-1001 | 06/08/2019 | 1 | 06/08/2019 | Journal article |